[Event "73rd MNE-ch 2021"]
[Site "Podgorica"]
[Date "2021.05.07"]
[Round "5.6"]
[White "Djurovic, Peko"]
[Black "Kisic, Bozidar"]
[Result "1/2-1/2"]
[WhiteElo "2058"]
[BlackElo "2263"]
[Annotator "TA"]
[PlyCount "117"]
[EventDate "2021.05.03"]
[EventType "swiss"]
[EventCountry "MNE"]
[SourceTitle "playchess.com"]
[Source "ChessBase"]
[SourceQuality "1"]

{[%evp 13,117,43,31,38,53,43,55,53,91,51,72,18,24,0,0,0,10,13,11,8,27,13,66,65,69,85,74,37,102,95,148,130,131,138,203,208,275,135,152,52,155,150,243,122,245,170,144,45,77,104,95,90,102,90,61,79,123,72,133,133,138,126,135,150,147,104,159,133,145,147,139,135,133,135,170,138,252,242,249,242,228,210,210,189,191,176,271,268,282,234,231,219,252,264,213,137,143,146,199,148,191,0,0,0,206,0]} 1. e4 g6 2. d4 Bg7 3. Nc3 c6 4. Be3 d6 5. Qd2 b5 6. O-O-O Nf6 7. f3 b4 8. Nce2 {B07: Pirc Defence: Miscellaneous Systems.} Qa5 9. Kb1 Nbd7 10. g4 {White is slightly better.} Ba6 11. g5 Nh5 {[#]} 12. Nh3 $146 (12. Ng3 $16) ({Predecessor:} 12. f4 Nb6 13. b3 Qa3 14. Nf3 c5 15. Qc1 Qxc1+ 16. Nxc1 Bxf1 17. Rhxf1 Nd7 18. Nd3 cxd4 19. Bxd4 Bxd4 20. Nxd4 {1-0 (58) Makarenko,A (2285)-Smirnova,E (2155) Loo 2016}) 12... Rb8 13. Nc1 Bxf1 14. Rhxf1 O-O 15. f4 Nb6 16. Qd3 Na4 17. Nb3 Qc7 (17... Qb5 $1 $11) 18. Qa6 $14 Qc8 19. Qxa4 {Threatens to win with Nf2.} Qxh3 20. Bg1 Qg2 (20... Qg4 $14) 21. Rde1 (21. Qxc6 $2 Rfc8 $19) 21... Ra8 (21... a5 $142) 22. Qxb4 (22. Qxc6 $2 Rac8 $19) 22... a5 23. Qd2 (23. Nxa5 $6 c5 $14) 23... Qg4 (23... Qxd2 $16 24. Nxd2 Rfb8) 24. Nxa5 $18 c5 25. e5 (25. dxc5 $18 {is more deadly.} Rfb8 26. Nb3 (26. cxd6 $2 Rxb2+ 27. Kc1 Rxa2 $19)) 25... Qd7 $16 26. Nb3 (26. dxc5 $16 {And now Nb3 would win.} Qa4 27. Rf3 $1 (27. b4 Rfb8 $17) 27... Qxa5 28. Qxa5 Rxa5 29. cxd6 (29. exd6 exd6 30. cxd6 Rb5 $16)) 26... Qa4 (26... c4 $14) 27. Nc1 $1 (27. dxc5 $2 {gets mated.} Qxa2+ 28. Kc1 Qa1+ $3 {[%mdl 512]} 29. Nxa1 Rxa1#) 27... Rfb8 (27... c4 $16 28. f5 Rfb8) 28. c3 (28. dxc5 $18 Qa3 29. c4) 28... e6 (28... dxe5 $16 29. fxe5 (29. dxe5 Qb5 $16) 29... c4) 29. Qc2 ({But not} 29. exd6 $6 c4 $16) 29... Qc6 30. exd6 (30. dxc5 $16 dxc5 31. c4) 30... cxd4 31. Bxd4 Bxd4 32. cxd4 Qxd6 33. Qc5 Qa6 34. Rf3 Rc8 35. Qb4 (35. Qe5 $142) 35... Rab8 ({Better is} 35... Rc4 36. Qd2 Qb7) 36. Qd2 Ng7 37. Rb3 Nf5 38. Rxb8 Rxb8 39. Nb3 Ra8 (39... Qa8 $142) 40. a3 Rb8 41. Ka2 Qb7 42. Qc3 Ne7 43. Nc5 Qd5+ 44. Ka1 Nf5 (44... Qg2 $16 {might work better.}) 45. Ne4 $1 $18 {[%cal Re4f6] Nf6+ is the strong threat.} Qxd4 46. Qxd4 Nxd4 {[%mdl 4096] Endgame KRN-KRN} 47. Kb1 Kg7 48. Re3 h6 49. Rh3 h5 (49... hxg5 {was worth a try.} 50. fxg5 Nc6) 50. b4 {[%cal Bb2b4,Bb4b5][%mdl 32]} Rb5 51. Nc3 Rf5 52. a4 Rxf4 53. b5 Nb3 54. Re3 Na5 {[#]} 55. Kc2 $1 Rf2+ (55... Kf8 $16) 56. Re2 Rf4 57. Re4 $2 ({White should try} 57. Ne4 $18) 57... Rf2+ $11 58. Re2 $2 (58. Ne2 $11) 58... Rf4 $1 $18 {[#]} 59. Re4 $2 {Weighted Error Value: White=0.23/Black=0.27} (59. Ne4 $1 $18) 1/2-1/2

[Event "73rd MNE-ch 2021"]
[Site "Podgorica"]
[Date "2021.05.07"]
[Round "5.6"]
[White "Sabotic, Denis"]
[Black "Popovic, Mateja"]
[Result "0-1"]
[WhiteElo "1737"]
[BlackElo "1712"]
[Annotator "NA"]
[PlyCount "54"]
[EventDate "2021.05.03"]
[EventType "swiss"]
[EventCountry "MNE"]
[SourceTitle "playchess.com"]
[Source "ChessBase"]
[SourceQuality "1"]

1. e4 c6 2. d4 d5 3. e5 Bf5 4. g4 Be4 5. f3 Bg6 6. Bd3 Bxd3 7. Qxd3 e6 8. h4 h6 9. f4 Ne7 10. Nf3 Na6 11. Bd2 Qb6 12. b3 c5 13. Na3 Nb4 14. Bxb4 Qxb4+ 15. Kf2 Qxa3 16. Qb5+ Kd8 17. dxc5 Rc8 18. b4 Nc6 19. Rab1 Nxb4 20. Qxb7 Bxc5+ 21. Kg2 Qe3 22. Rhf1 Qxf4 23. Kh3 h5 24. Nh2 hxg4+ 25. Nxg4 Qg5 26. Rxb4 Qxh4+ 27. Kg2 Qh3# 0-1

[Event "73rd MNE-ch 2021"]
[Site "Podgorica"]
[Date "2021.05.07"]
[Round "5.7"]
[White "Malisic, Miodrag"]
[Black "Vujadinovic, Zeljko"]
[Result "0-1"]
[WhiteElo "1839"]
[BlackElo "1859"]
[Annotator "NA"]
[PlyCount "54"]
[EventDate "2021.05.03"]
[EventType "swiss"]
[EventCountry "MNE"]
[SourceTitle "playchess.com"]
[Source "ChessBase"]
[SourceQuality "1"]

1. e4 c6 2. d4 d5 3. exd5 cxd5 4. Nf3 Nf6 5. Nc3 Bg4 6. h3 Bh5 7. Be3 e6 8. g4 Bg6 9. Ne5 Nbd7 10. g5 Ne4 11. Bb5 Bb4 12. Bxd7+ Kf8 13. Bd2 Nxd2 14. Qxd2 f6 15. Nxg6+ hxg6 16. Ba4 Rc8 17. O-O-O Qa5 18. Bb3 Rxc3 19. a3 Rxb3 20. Qf4 Rxa3 21. Qb8+ Kf7 22. Qxb7+ Kg8 23. bxa3 Qxa3+ 24. Kb1 Bc3 25. Qc8+ Kh7 26. Qxc3 Qxc3 27. Rd3 Rb8+ 0-1

[Event "73rd MNE-ch 2021"]
[Site "Podgorica"]
[Date "2021.05.07"]
[Round "5.8"]
[White "Vujacic, Igor"]
[Black "Sukovic, Andrej"]
[Result "0-1"]
[WhiteElo "2207"]
[BlackElo "2283"]
[Annotator "NA"]
[PlyCount "67"]
[EventDate "2021.05.03"]
[EventType "swiss"]
[EventCountry "MNE"]
[SourceTitle "playchess.com"]
[Source "ChessBase"]
[SourceQuality "1"]

1. c4 Nf6 2. Nc3 d5 3. cxd5 Nxd5 4. Nf3 g6 5. g3 Bg7 6. Bg2 O-O 7. O-O Nb6 8. d3 Nc6 9. Be3 e5 10. Qd2 Nd4 11. Bh6 Bxh6 12. Qxh6 Nf5 13. Qd2 Qe7 14. e4 Ng7 15. Qh6 f6 16. d4 Bg4 17. dxe5 Bxf3 18. Bxf3 fxe5 19. Bg4 c6 20. Rad1 Rad8 21. Rxd8 Qxd8 22. Rd1 Qe7 23. Qe3 Kh8 24. a4 Qb4 25. Qg5 Qc5 26. Qd2 Ne8 27. Rc1 Nf6 28. Bf3 Kg7 29. Ne2 Qe7 30. a5 Nbd7 31. a6 Nc5 32. Qb4 b6 33. Ra1 Qf7 34. Rf1 0-1

[Event "73rd MNE-ch 2021"]
[Site "Podgorica"]
[Date "2021.05.07"]
[Round "5.9"]
[White "Musovic, Armin"]
[Black "Karisik, Nenad"]
[Result "1-0"]
[WhiteElo "2258"]
[BlackElo "2123"]
[Annotator "NA"]
[PlyCount "85"]
[EventDate "2021.05.03"]
[EventType "swiss"]
[EventCountry "MNE"]
[SourceTitle "playchess.com"]
[Source "ChessBase"]
[SourceQuality "1"]

1. e4 c6 2. d4 d5 3. exd5 cxd5 4. c4 Nf6 5. Nc3 e6 6. Nf3 Be7 7. Bd3 O-O 8. O-O dxc4 9. Bxc4 Nbd7 10. Bg5 Nb6 11. Bb3 Nbd5 12. Re1 Nxc3 13. bxc3 b6 14. Ne5 Bb7 15. Qd3 Rc8 16. c4 Nd7 17. Bc2 g6 18. Nxg6 fxg6 19. Rxe6 Rf7 20. Rxg6+ hxg6 21. Qxg6+ Rg7 22. Qe6+ Kf8 23. Bh6 Nf6 24. Bg6 Qe8 25. Bxe8 Rxe8 26. Qf5 Kg8 27. Bxg7 Kxg7 28. Re1 Bc8 29. Qd3 Kf7 30. Re3 Rd8 31. Rg3 Kf8 32. h4 Bg4 33. Qe3 Kf7 34. Rxg4 Nxg4 35. Qf4+ Nf6 36. g4 Kg7 37. g5 Ng8 38. h5 Rf8 39. Qe5+ Kh7 40. f4 Re8 41. Qe4+ Kg7 42. Qg6+ Kf8 43. h6 1-0

[Event "73rd MNE-ch 2021"]
[Site "Podgorica"]
[Date "2021.05.07"]
[Round "5.10"]
[White "Lazarevic, Zoran V"]
[Black "Djokovic, Mirsad"]
[Result "0-1"]
[WhiteElo "2120"]
[BlackElo "2127"]
[Annotator "NA"]
[PlyCount "54"]
[EventDate "2021.05.03"]
[EventType "swiss"]
[EventCountry "MNE"]
[SourceTitle "playchess.com"]
[Source "ChessBase"]
[SourceQuality "1"]

1. Nf3 e6 2. e4 c5 3. b4 cxb4 4. d4 Nf6 5. Bd3 b6 6. e5 Nd5 7. Ng5 Nc6 8. O-O Be7 9. Qh5 g6 10. Qh6 Bf8 11. Qh3 Bg7 12. Ne4 f5 13. Bg5 Qc7 14. Nd6+ Kf8 15. c4 bxc3 16. Nxc3 Nxc3 17. Rfc1 Nd5 18. g4 h6 19. Bd2 Qd8 20. gxf5 gxf5 21. Bxf5 Nxd4 22. Qh5 Qe7 23. Bd3 Bxe5 24. Nxc8 Qf6 25. Nxa7 Nf3+ 26. Kh1 Nxd2 27. Rg1 Bxa1 0-1

[Event "73rd MNE-ch 2021"]
[Site "Podgorica"]
[Date "2021.05.08"]
[Round "6.1"]
[White "Kalezic, Blazo"]
[Black "Draskovic, Luka"]
[Result "1/2-1/2"]
[WhiteElo "2456"]
[BlackElo "2472"]
[Annotator "TA"]
[PlyCount "22"]
[EventDate "2021.05.03"]
[EventType "swiss"]
[EventCountry "MNE"]
[SourceTitle "playchess.com"]
[Source "ChessBase"]
[SourceQuality "1"]

{[%evp 9,22,27,27,26,32,30,34,33,35,22,29,35,35,42,52]} 1. e4 d6 2. d4 Nf6 3. Nc3 e5 4. Nge2 Be7 5. h3 O-O 6. g4 {B07: Pirc Defence: Miscellaneous Systems.} c6 7. Bg2 b5 8. Ng3 b4 9. Nce2 a5 10. O-O {[#]} Ba6 $146 ({Predecessor:} 10... Re8 11. f4 Ba6 12. Rf2 Bf8 13. Be3 Qc7 14. Qd2 Bb5 15. Raf1 Na6 16. fxe5 dxe5 17. Rxf6 gxf6 {0-1 (77) Weetik,V (2547)-Wiewiora,E (2582) Chess.com INT 2018}) 11. Nf5 Nbd7 {Weighted Error Value: White=0.00/Black=0.03} 1/2-1/2

[Event "73rd MNE-ch 2021"]
[Site "Podgorica"]
[Date "2021.05.08"]
[Round "6.2"]
[White "Pecurica, Milos"]
[Black "Djukic, Nikola"]
[Result "0-1"]
[WhiteElo "2328"]
[BlackElo "2515"]
[Annotator "TA"]
[PlyCount "72"]
[EventDate "2021.05.03"]
[EventType "swiss"]
[EventCountry "MNE"]
[SourceTitle "playchess.com"]
[Source "ChessBase"]
[SourceQuality "1"]

{[%evp 17,72,56,62,62,74,68,72,61,51,0,0,-12,-7,-9,-8,-5,-12,-9,-7,-13,-6,-12,-12,-78,-83,-85,-88,-83,-90,-119,-86,-79,-81,-141,-141,-156,-112,-98,-101,-159,-142,-129,-125,-155,-158,-131,-115,-339,-266,-273,-273,-273,-249,-231,-224,-653,-646]} 1. d4 g6 2. c4 Bg7 3. e4 d6 4. Nf3 Nd7 5. Nc3 e5 6. Be2 Ngf6 7. O-O O-O 8. Be3 Re8 9. d5 Nh5 10. g3 {E94: King's Indian: Classical: 6 Be2 e5 7 0-0: Various Black 7th moves.} Bf8 11. Ne1 Ng7 12. Nd3 {White is better.} f5 13. exf5 (13. f3 $14) 13... Nxf5 $11 14. Ne4 Nf6 15. Bg5 Be7 16. Bxf6 Bxf6 17. Bg4 Bg7 {[#]} 18. Ne1 $146 ({Predecessor:} 18. Kg2 Rf8 19. c5 h5 20. Bh3 Bh6 21. b4 b6 22. cxd6 cxd6 23. Bxf5 Bxf5 24. f3 {0-1 (34) Gines Esteo,P (2325)-Del Rey,D (2356) Aragon 2017}) 18... Rf8 19. Qd3 c5 20. dxc6 (20. Nf3 $11) 20... bxc6 $17 21. Rd1 {[%cal Re4d6]} d5 22. cxd5 cxd5 23. Nc3 (23. Qxd5+ $2 Qxd5 24. Rxd5 Bb7 $19) 23... Nd4 24. Bxc8 Rxc8 25. Ne2 {[#]} ({White should play} 25. f3) 25... e4 $1 26. Qe3 Nxe2+ 27. Qxe2 Re8 $36 {[%mdl 2048] Black is really pushing.} 28. Qa6 (28. f3 $142) 28... d4 ({Don't play} 28... Bxb2 29. Qb7 $15) 29. Qxa7 d3 30. Qa3 Ra8 31. Qb3+ Kh8 32. f3 $2 {[#] Now White is beyond hope.} (32. Rb1 $17) 32... d2 33. fxe4 {Black should prevent Nf3.} Qd4+ ({Worse is} 33... Rxe4 34. Nf3 $11) 34. Kh1 {intending Nf3.} dxe1=Q 35. Rfxe1 Qxb2 ({Weaker is} 35... Rxe4 36. Rxd4 Rxe1+ 37. Kg2 $16) 36. Qf7 $2 (36. Qxb2 Bxb2 37. Kg2) 36... Rf8 {Weighted Error Value: White=0.43/Black=0.10} 0-1

[Event "73rd MNE-ch 2021"]
[Site "Podgorica"]
[Date "2021.05.08"]
[Round "6.2"]
[White "Abramovic, Dragoljub"]
[Black "Popovic, Mateja"]
[Result "1-0"]
[WhiteElo "2012"]
[BlackElo "1712"]
[Annotator "TA"]
[PlyCount "29"]
[EventDate "2021.05.03"]
[EventType "swiss"]
[EventCountry "MNE"]
[SourceTitle "playchess.com"]
[Source "ChessBase"]
[SourceQuality "1"]

{[%evp 14,29,24,8,25,14,59,65,80,77,87,85,512,507,532,520,530,527]} 1. d4 d5 2. Nf3 Nf6 3. c4 e6 4. Nc3 Nbd7 5. Bg5 Be7 6. e3 h6 {seems to push 6...0-0 aside.} 7. Bh4 O-O 8. cxd5 exd5 {D56: Queen's Gambit Declined: Lasker Defence.} (8... Nxd5 {is interesting.} 9. Bxe7 Qxe7 10. Nxd5 exd5 11. Qc2 Nf6) 9. Rc1 c5 10. dxc5 Nxc5 {White is slightly better.} 11. Bxf6 Bxf6 12. Nxd5 {[#]} Qa5+ $146 {[%mdl 8192]} (12... b6 $16 {is more resistant.}) ({Predecessor:} 12... Ne4 13. Nxf6+ Qxf6 14. Qd4 Qg6 15. Ne5 Qf5 16. f3 Re8 17. Nd3 Ng5 18. Kf2 Be6 {½-½ (51) Sapunov,E (2461)-Arabidze,M (2437) Chess.com INT 2021}) 13. b4 $18 {[%cal Bb2b4,Bb4c5][%mdl 96] [#] Double Attack. White is clearly winning.} Qxa2 14. Nxf6+ gxf6 15. bxc5 {White took control after the opening.  Weighted Error Value: White=0.05/Black=1.98} 1-0

[Event "73rd MNE-ch 2021"]
[Site "Podgorica"]
[Date "2021.05.08"]
[Round "6.3"]
[White "Sukovic, Andrej"]
[Black "Podlesnik, Bogdan"]
[Result "1/2-1/2"]
[WhiteElo "2283"]
[BlackElo "2356"]
[Annotator "TA"]
[PlyCount "123"]
[EventDate "2021.05.03"]
[EventType "swiss"]
[EventCountry "MNE"]
[SourceTitle "playchess.com"]
[Source "ChessBase"]
[SourceQuality "1"]

{[%evp 12,123,38,0,0,-8,0,5,0,-8,5,-42,-18,-32,-14,-8,-14,-96,-62,-125,-121,-127,-126,-131,-110,-329,-335,-316,-260,-258,-242,-286,-256,-347,-322,-337,-312,-335,-332,-441,-452,-437,-442,-513,-524,-657,-502,-467,-450,-460,-175,-168,-168,-247,-246,-235,-222,-182,-175,-159,-150,-162,-164,-177,-158,-223,-224,-340,-285,-519,-74,-83,-62,-231,-216,-286,-292,-544,-497,-504,-504,-504,-504,-394,-347,-324,-8,-8,-8,-8,-8,-8,-8,-8,-8,-8,-8,-8,-8,-8,-8,-8,-8,-8,-8,-8,-8,-8,0,0,0,0,0,0]} 1. e4 c5 2. Nf3 Nc6 3. d4 cxd4 4. Nxd4 Nf6 5. Nc3 e5 6. Ndb5 d6 7. Na3 Be7 {B33: Sicilian: Pelikan and Sveshnikov Variations.} 8. Bg5 O-O 9. Bxf6 Bxf6 10. Nc4 Be6 {[#]} 11. Bd3 $146 ({Predecessor:} 11. Nd5 Bg5 12. h4 Bh6 13. g4 Bf4 14. c3 Bxd5 15. Qxd5 Qd7 16. Be2 Rad8 17. Rd1 Qc7 18. Rh3 Ne7 19. Qa5 Qc6 20. Qxa7 Qxe4 21. Kf1 Qc6 22. Na5 Qa4 {½-½ (22) Mastrovasilis,D (2580)-Zhigalko,S (2643) Minsk 2017}) 11... Nb4 12. Ne3 Bg5 13. Qe2 Qb6 14. Ned5 (14. O-O $11 {keeps the balance.}) 14... Bxd5 (14... Nxd5 {is interesting.} 15. exd5 Bc8 16. O-O f5 17. a4 e4) 15. Nxd5 (15. exd5 $15 Nxd3+ 16. cxd3) 15... Nxd5 $17 16. exd5 e4 17. Bc4 e3 {White must now prevent ...exf2+.} 18. O-O-O $2 (18. f3 $17) 18... exf2+ $19 19. Kb1 Rae8 20. Qf3 Re5 21. h4 Be3 $40 {[%mdl 128] Black has strong attack.} 22. g4 Rfe8 23. c3 Qc5 24. Bd3 b5 {[%cal Bb7b5,Bb5b4][%mdl 32]} 25. g5 b4 26. c4 a5 {[%cal Ba7a5,Ba5a4,Ba4a3][%mdl 32]} 27. Qh5 g6 28. Qf3 a4 29. h5 {Hoping for hxg6.} Qc7 30. Qf6 {Black should prevent h6.} Bxg5 (30... Bd4 31. Qf4 Re1 $1 32. hxg6 (32. Qxd4 $2 Rxh1 33. Rxh1 Re1+ {[%mdl 64] Double Attack} 34. Kc2 Rxh1 $19) 32... fxg6) 31. Qxf2 a3 32. Qh2 (32. c5 {was worth a try.}) 32... Bf6 $1 33. hxg6 fxg6 34. c5 dxc5 35. d6 Qg7 36. Rdf1 Bd8 37. d7 R8e7 ({Stronger than} 37... Qxd7 38. Bxg6 $1 {[%mdl 512]} Re1+ 39. Rxe1 $14) 38. Qf2 (38. bxa3 $17 Rxd7 39. Bc4+ Kh8 40. axb4) 38... Rxd7 ({But not} 38... Re2 $2 39. Bc4+ R2e6 40. Re1 $18) 39. Bb5 (39. Bc4+ {only move.} Kh8 40. bxa3) 39... Rf5 40. Bxd7 $2 (40. Qc2 Rd4 41. Rxf5 gxf5 42. Re1) 40... Qxd7 $2 (40... Rxf2 $19 {[%csl Ga3,Gf2][%cal Rg7b2] has better winning chances.} 41. Be6+ Rf7 $3 {[%mdl 512]} 42. Bxf7+ Kh8) 41. Qc2 $17 Rd5 42. Rd1 $2 {[#]} (42. Rf3 $15) 42... Bf6 $1 $19 43. Rhf1 Bxb2 44. Qc4 $2 (44. Rf8+ {is the only way for White.} Kg7 45. Rdf1) 44... Bd4 45. Rf4 Kg7 46. Rdf1 {Strongly threatening Rf7+!} Rf5 47. Rxf5 gxf5 {[%mdl 4096] Endgame KQR-KQB} 48. Qd3 Kf6 (48... Qc6 $19 49. Qg3+ Qg6 50. Qc7+ Qf7 51. Qg3+ Qg6 52. Qc7+ Kh8 53. Qc8+ Qg8 54. Qxg8+ Kxg8 55. Rxf5 Kg7) 49. Qh3 $11 {The position is equal.} Qd5 50. Qh6+ Ke7 {And now ...Qe4+ would win.} 51. Qxh7+ Kd6 {( -> ...Qe4+)} 52. Qg6+ Qe6 53. Qxf5 Qxf5+ 54. Rxf5 {KR-KB} Be5 (54... Bc3 {feels hotter.} 55. Kc2 c4 56. Rh5 Bd4 57. Rh4 Kc5) 55. Kc2 c4 56. Rh5 Bd4 57. Rf5 Kc6 58. Rh5 Kb6 59. Rf5 Bc5 60. Rf4 Kb5 61. Rf5 Kc6 62. Rf4 {White happily takes the draw.  Weighted Error Value: White=0.41/Black=0.32} 1/2-1/2

[Event "73rd MNE-ch 2021"]
[Site "Podgorica"]
[Date "2021.05.08"]
[Round "6.4"]
[White "Kisic, Bozidar"]
[Black "Nikac, Predrag"]
[Result "1/2-1/2"]
[WhiteElo "2263"]
[BlackElo "2318"]
[Annotator "NA"]
[PlyCount "103"]
[EventDate "2021.05.03"]
[EventType "swiss"]
[EventCountry "MNE"]
[SourceTitle "playchess.com"]
[Source "ChessBase"]
[SourceQuality "1"]

1. d4 d5 2. Bf4 e6 3. e3 Nf6 4. c3 Bd6 5. Bg3 Nc6 6. Nd2 e5 7. Bb5 exd4 8. cxd4 O-O 9. Ngf3 Ne7 10. Qb3 a5 11. Bd3 c6 12. Qc2 Ng6 13. O-O-O Re8 14. Kb1 a4 15. Ka1 (15. a3 $11 {keeps the balance.}) 15... a3 16. b3 Bb4 17. Ne5 (17. Rc1 $17 {might work better.}) 17... Ng4 (17... c5 $19 18. Ndf3 (18. Bxg6 $2 hxg6 19. Nd3 Bf5 $19) 18... cxd4 19. Nxg6 hxg6 20. Nxd4 Bg4) 18. Ndf3 N4xe5 19. Nxe5 Nf8 20. h4 Bd6 21. Bh2 Be6 22. Nf3 Bg4 23. Bxd6 Qxd6 24. Rc1 Bxf3 25. gxf3 Qf6 26. f4 Rec8 27. Qc3 b6 28. Kb1 Nd7 29. h5 h6 30. Bf1 Rc7 31. Bh3 Qd6 32. Bxd7 Qxd7 33. Rcg1 Qf5+ 34. Qc2 Qf6 35. Rg3 Kh8 36. Rhg1 Rg8 37. Kc1 c5 38. Kd1 c4 39. b4 c3 40. Ke2 Rc4 41. b5 Qe7 42. Rb1 Rb4 $19 43. Rb3 Rxb3 44. Qxb3 Rc8 45. Rg1 Rc4 46. Rc1 Qd7 47. Rxc3 Rxc3 48. Qxc3 Qxb5+ 49. Kf3 Qd7 50. Kg3 Qd6 51. Qc8+ Kh7 52. Qf5+ 1/2-1/2

[Event "73rd MNE-ch 2021"]
[Site "Podgorica"]
[Date "2021.05.08"]
[Round "6.5"]
[White "Blagojevic, Dragisa"]
[Black "Djurovic, Peko"]
[Result "1-0"]
[WhiteElo "2481"]
[BlackElo "2058"]
[Annotator "TA"]
[PlyCount "61"]
[EventDate "2021.05.03"]
[EventType "swiss"]
[EventCountry "MNE"]
[SourceTitle "playchess.com"]
[Source "ChessBase"]
[SourceQuality "1"]

{[%evp 13,61,62,71,59,112,109,377,360,408,123,112,106,107,78,68,73,62,72,84,71,82,82,112,114,119,118,148,156,172,115,168,123,219,191,240,210,216,203,203,208,227,190,229,176,179,174,266,246,939,927]} 1. d4 {Stohl,I} Nf6 2. Nf3 c5 3. d5 d6 4. Nc3 e6 5. e4 exd5 6. Nxd5 Nxd5 7. Qxd5 Be7 8. Bg5 {[#] A43: Schmid Benoni.} Qa5+ $146 (8... Bxg5 $14 9. Nxg5 (9. Bb5+ Nc6 $11) 9... O-O) ({Predecessor:} 8... Bxg5 9. Nxg5 O-O 10. Bc4 Qe7 11. Nxf7 Rxf7 12. O-O-O Nc6 13. Qxd6 Kf8 14. Bxf7 Kxf7 15. Qxe7+ Kxe7 {½-½ (71) Epishin,V (2650)-Adams,M (2675) Dortmund 1994 CBM 042 [Stohl,I]}) 9. c3 $1 $16 {Strongly threatening Bc4.} Qb6 $2 {[%mdl 8192] [#]} (9... Nc6 $16) 10. Bxe7 $1 $18 {White is winning.} Qxb2 {[#]} 11. Bb5+ $1 {[%mdl 512]} Qxb5 $16 12. Bxd6 Be6 13. Qxc5 Qxc5 14. Bxc5 $40 {[%mdl 128] White is out for blood.} Nd7 15. Bd4 f6 16. O-O Kf7 17. a4 {[%cal Ba2a4,Ba4a5][%mdl 32]} Bg4 18. Rfb1 b6 19. a5 Bxf3 20. gxf3 Rhb8 21. Kf1 (21. Rb5 $18) 21... g5 (21... bxa5 $16 {keeps fighting.} 22. Rc1 Rb5) 22. Ke2 h5 (22... bxa5 $16 23. Rxb8 Nxb8) 23. Ke3 Re8 24. axb6 axb6 25. Rxa8 Rxa8 $18 {[%mdl 4096] Endgame KRB-KRN} 26. f4 (26. Bxb6 Rb8 $19) 26... Ke6 27. h3 Ra3 28. f5+ Kf7 29. f3 Ra8 (29... h4 {might work better.} 30. f4 gxf4+ 31. Kxf4 Ra2) 30. h4 (30. Bxb6 Rb8 $17) 30... Rh8 $2 (30... gxh4 31. Rh1 (31. Bxb6 Rb8 $17) 31... Rh8) 31. hxg5 {Weighted Error Value: White=0.28/Black=0.51} 1-0

[Event "73rd MNE-ch 2021"]
[Site "Podgorica"]
[Date "2021.05.08"]
[Round "6.6"]
[White "Popadic, Dragan"]
[Black "Tomic, Aleksandar"]
[Result "0-1"]
[WhiteElo "2157"]
[BlackElo "2377"]
[Annotator "TA"]
[PlyCount "70"]
[EventDate "2021.05.03"]
[EventType "swiss"]
[EventCountry "MNE"]
[SourceTitle "playchess.com"]
[Source "ChessBase"]
[SourceQuality "1"]

{[%evp 9,70,-31,0,-2,-8,-99,-83,-93,-92,-81,-93,-85,-89,-95,-83,-90,-81,-102,-114,-176,-172,-162,-162,-177,-160,-201,-204,-196,-209,-216,-208,-201,-208,-195,-176,-172,-158,-251,-201,-296,0,-205,-173,-236,-199,-233,-233,-258,-247,-306,-302,-430,-430,-718,-717,-718,-681,-725,-724,-660,-682,-767,-771]} 1. e4 c5 2. Nc3 a6 3. d3 e6 4. g4 Ne7 5. Bg2 {[#]} Ng6 $146 ({Predecessor:} 5... Nbc6 6. f4 Ng6 7. Nf3 Nh4 8. Nxh4 Qxh4+ 9. Kf1 d6 10. Be3 Bd7 11. h3 Qd8 {½-½ (45) Krzyzanowski,A (2365)-Grabner,H (2338) ICCF email 2018}) 6. Nf3 {B23: Closed Sicilian: Lines without g3.} d5 7. O-O {[#]} (7. h4 $11 {remains equal.}) 7... d4 $1 $17 {[%cal Rd4c3]} 8. Ne2 {Black is better.} e5 9. h3 h5 10. g5 Nc6 11. c3 Be6 12. cxd4 cxd4 13. Ng3 Qd7 14. Kh2 (14. Nf5 $17) 14... Bd6 $19 15. Bd2 h4 $36 {[%mdl 2048] White is under strong pressure.} 16. Ne2 a5 {[%cal Ba6a5,Ba5a4][%mdl 32]} 17. Ne1 a4 18. Ng1 Nb4 19. Qb1 Rc8 20. b3 axb3 21. axb3 Qb5 22. Bf3 O-O 23. Bd1 (23. Bh5 $17) 23... Qd7 24. Nef3 (24. Qb2 $142) 24... Qb5 25. Ne1 $1 Rc6 26. Ngf3 (26. Bh5 $142) 26... Rb6 27. Bc1 Qd7 28. Ng1 Na6 29. Ra2 Rc8 30. Nef3 (30. Bd2 {was worth a try.}) 30... Nb4 {Black is clearly winning.} 31. Rb2 {[#]} (31. Ra7 $142) 31... Rxc1 $1 {[%mdl 576] Deflection, Decoy} 32. Qxc1 Nxd3 {[%mdl 64] Double Attack} 33. Qb1 Nxb2 34. Qxb2 Nf4 {[%cal Re6h3]} 35. Qd2 Bxh3 {Weighted Error Value: White=0.37/Black=0.13} 0-1